<?xml version="1.0" encoding="UTF-8"?>
<marc:record xmlns:marc="http://www.loc.gov/MARC21/slim">
   <marc:leader>00000nam a2200000 a 4500</marc:leader>
   <marc:datafield ind1="1" ind2=" " tag="100">
      <marc:subfield code="a">Goldwascher, Toni</marc:subfield>
      <marc:subfield code="4">oth</marc:subfield>
      <marc:subfield code="e">Sonstiges</marc:subfield>
   </marc:datafield>
   <marc:datafield ind1="0" ind2="0" tag="245">
      <marc:subfield code="a">Tom und Hacke [Bildtonträger]</marc:subfield>
   </marc:datafield>
   <marc:datafield ind1="0" ind2="0" tag="245">
      <marc:subfield code="b">ein bayerischer Kinderkrimi nach "Tom Sawyer und Huckleberry Finn"</marc:subfield>
   </marc:datafield>
   <marc:datafield ind1="0" ind2="0" tag="245">
      <marc:subfield code="c">Twain, Mark</marc:subfield>
   </marc:datafield>
   <marc:datafield ind1=" " ind2="1" tag="264">
      <marc:subfield code="a">München</marc:subfield>
      <marc:subfield code="b">Zorro Medien GmbH</marc:subfield>
   </marc:datafield>
   <marc:datafield ind1="1" ind2=" " tag="520">
      <marc:subfield code="a">Thomas, genannt Tom, und sein Freund Hacke treffen sich nachts auf dem Friedhof zwecks Warzenbeschwörung. Voller Entsetzen beobachten die beiden Jungs dort einen Mord und werden tags darauf Zeuge, wie der wahre Täter ungeschoren davonkommt, während sein unschuldiger Komplize hinter Gitter wandert. Toms und Hackes Freundschaft wird durch das belastende Wissen auf eine harte Probe gestellt: Sollen sie schweigen oder die Wahrheit sagen? Tom hat aber noch ganz andere Probleme: Er hat die Nähmaschine seiner Tante Polli kaputt gemacht, dabei sorgen die Näharbeiten für den einzigen Lebensunterhalt in der kargen Nachkriegszeit. Ohne die Nähmaschine ist die Familie in ernsten Schwierigkeiten ...</marc:subfield>
   </marc:datafield>
   <marc:datafield ind1=" " ind2=" " tag="041">
      <marc:subfield code="a">ger</marc:subfield>
   </marc:datafield>
   <marc:datafield ind1="1" ind2=" " tag="521">
      <marc:subfield code="a">FSK ab 6 freigegeben</marc:subfield>
   </marc:datafield>
   <marc:datafield ind1="1" ind2=" " tag="521">
      <marc:subfield code="a">0</marc:subfield>
   </marc:datafield>
   <marc:datafield ind1=" " ind2=" " tag="338">
      <marc:subfield code="a">Videodisk</marc:subfield>
   </marc:datafield>
   <marc:datafield ind1=" " ind2=" " tag="300">
      <marc:subfield code="a">1 DVD (ca. 95 Min.)</marc:subfield>
   </marc:datafield>
</marc:record>
